| 000 | 00441nam a22001577a 4500 | ||
|---|---|---|---|
| 005 | 20241203134245.0 | ||
| 008 | 241203b |||||||| |||| 00| 0 eng d | ||
| 041 | _aEnglish | ||
| 082 | _a340.1 INT | ||
| 100 | _lEnglish | ||
| 245 | _aInternational Bar Association South Pacific Bar Leaders Conference / | ||
| 260 | _c2000 | ||
| 300 |
_b16 pages; _c26 cm. |
||
| 650 |
_aLegal practice _bLaw |
||
| 942 |
_cBK _6ALISON_BN_VRIES |
||
| 999 |
_c3268 _d3268 |
||